La paradoja del conservador

Guardat en:
Dades bibliogràfiques
Autor principal: Clair, Jean (Autor)
Format: Llibre
Idioma:espanyol
Publicat: Barcelona Elba 2010
Matèries:
Etiquetes: Afegir etiqueta
Sense etiquetes, Sigues el primer a etiquetar aquest registre!

MARC

LEADER 00000cam a2200000 a 4500
001 UCG8322
003 CL-VaPUC
008 111202e20100000SP |||||||||||||||||spa|d
020 |a 9788493803414 
082 0 4 |a 708.01  |b CLA  |2 21 
100 0 |a Clair, Jean  |e author  |9 559303 
245 1 3 |a La paradoja del conservador 
300 |a 53 p 
942 |c BK 
945 |d 20111202 00:00:00  |a dcastane 
260 |a Barcelona  |b Elba  |c 2010 
650 0 |a Museos de arte  |9 265235 
650 7 |a MUSEOS HISTORIA  |2 CL-VaPUC  |9 559304 
650 0 |a Crítica e interpretación   |9 255042 
650 0 |a Gestión cultural  |9 521696 
583 |a last modification  |c 20140227 03:23:52  |k Rodrigo Vera 
999 |c 345939  |d 345937 
952 |0 0  |1 0  |4 0  |6 708_010000000000000_CLA_2010  |7 0  |8 A  |9 446338  |a BIBART  |b BIBART  |d 2019-11-22  |i 4806069  |o 708.01 CLA 2010  |p 4806069  |r 2025-03-13  |w 2019-11-22  |y BK  |k ART 
952 |0 0  |1 0  |3 erb  |4 0  |6 708_010000000000000_CLA_2010  |7 0  |8 A  |9 446339  |a BIBART  |b BIBART  |i 505754K  |o 708.01 CLA 2010  |p 505754K  |r 2025-03-13  |w 2019-11-22  |y BK  |z Catalogado en:20140227  |k ART